000 00532nam a2200193 u 4500
005 20250620063858.0
008 121009s2008 mx r 000 0 spa d
035 _aUPN01000187255
049 _aI
050 4 _aBF637 B4
_bE8.6
245 0 3 _aEl espacio del principito.
260 _aMéxico :
_bFelou,
_cc2008.
300 _a19 p. :
_bil. col.
440 0 _aMaqueta
650 2 _aModificación de la conducta
_99956
650 4 _aConducta infantil
_95683
650 4 _aVALORES -
_vLITERATURA INFANTIL
_921634
905 _aInfantil
999 _c159358
_d159358